Normal view
MARC view
- محاكمات - قوانين وتشريعات - الاردن
Entry Topical Term
001 - CONTROL NUMBER
- control field: 46537
003 - CONTROL NUMBER IDENTIFIER
- control field: JO-AjAnu
005 - DATE AND TIME OF LATEST TRANSACTION
- control field: 20230606081705.0
008 - FIXED-LENGTH DATA ELEMENTS
- fixed length control field: 230606|| aca||aabn | a|a d
040 ## - CATALOGING SOURCE
- Original cataloging agency: JO-AjAnu
- Transcribing agency: JO-AjAnu
150 ## - HEADING--TOPICAL TERM
- Topical term or geographic name entry element: محاكمات - قوانين وتشريعات - الاردن
670 ## - SOURCE DATA FOUND
- Source citation: Work cat.: (JO-AjAnu)23821: نده، حنا, author 46536, مجموعة المبادئ القانونية لمحكمة العدل العليا منذ بداية سنة 1953-1971